Fin de partida (Registro nro. 8715)

Detalles MARC
000 -LIDER
fixed length control field 00817nam a22002777a 4500
001 - NÚMERO DE CONTROL
Identificador de número de control 547894
003 - IDENTIFICACDOR DE NÚMERO DE CONTROL
control field DO-SdBNP
005 - DATE AND TIME OF LATEST TRANSACTION
control field 20180126092524.0
007 - CAMPOS FIJOS DE DESCRIPCIÓN FÍSICA
fixed length control field 547894
008 - ELEMENTOS DE LONGITUD FIJA
fixed length control field 000615s1999 sp | ||| ||spa
016 7# - NO. DE CONTROL DE LA AGENCIA BIB. NACIONAL
Source BPMSU
020 ## - ISBN
International Standard Book Number 8481302120
040 ## - FUENTE DE CATALOGACIÓN
Agencia que crea de manera original el registro BPMSU
Idioma de catalogación spa
Agencia que realiza la transcripción BPMSU
041 1# - CÓDIGOS DE OBRAS TRADUCIDAS O EN VARIOS IDIOMAS
Código del idioma del texto/archivo de sonido o separata spa
100 1# - ASIENTO PRINCIPAL -- NOMBRE PERSONAL
Nombre personal Beckett, Samuel
Fechas asociadas con el nombre 1906-1989
240 10 - TITULO UNIFORME
Título uniforme Fin de partie
Idioma de una obra Español
245 10 - MENCIÓN DE TITULO
Título Fin de partida
Mención de responsabilidad Samuel Beckett ; traducción de Ana Mª Moix ; prólogo de José Jiménez
260 ## - PUBLICACIÓN, DISTRIBUCIÓN, ETC. (PIE DE IMPRENTA)
Lugar de publicación, distribución, etc Madrid:
Nombre del editor, distribuidor, etc. Milenium,
Fecha de publicación, distribución, etc 1999
300 ## - DESCRIPCIÓN FÍSICA
Extensión 92 p. :
Dimensiones 21 cm.
490 0# - MENCIÓN DE SERIES
Mención de serie Millenium. Las 100 joyas del milenio
Volume/sequential designation 100
700 ## - ASIENTO SECUNDARIO -- NOMBRE PERSONAL
Nombre personal Jiménez, José
Mención de responsabilidad pról.
830 #0 - ASIENTO SECUNDARIO DE SERIE--TÍTULO UNIFORME
Nombre de la parte o sección de una obra Millenium. Las 100 joyas del milenio
Número de la parte o sección de una obra 100
942 ## - ADDED ENTRY ELEMENTS (KOHA)
Source of classification or shelving scheme Dewey Decimal Classification
Koha item type Libros
945 ## - INFORMACIÓN DE PROCESAMIENTO LOCAL
Información de procesamiento local Inventariado, 2018 / YL
956 ## - LOCAL ELECTRONIC LOCATION AND ACCESS (OCLC)
Nombre de host VMATEO
Número de acceso 10
Información de compresión BPMSU
Existencias
Withdrawn status Lost status Source of classification or shelving scheme Damaged status Not for loan Collection code Home library Current library Date acquired Source of acquisition Total Checkouts Barcode Date last seen Price effective from Koha item type
    Dewey Decimal Classification     Colección General Biblioteca Pública Metropolitana Salomé Ureña Biblioteca Pública Metropolitana Salomé Ureña 11/16/2015 FUNDI   BPMSU15110272 11/16/2015 11/16/2015 Libros